| 000 | 00841cam a2200181 4500 | ||
|---|---|---|---|
| 001 | X111876 | ||
| 008 | 000000n2001 000 0 eng u | ||
| 035 | _a(Sirsi) u111876 | ||
| 245 | _aHertsmere BC v Reid Estates Ltd | ||
| 260 | _c2001 | ||
| 490 |
_aProperty, Planning and Compensation Reports _v[2001] 81 P&CR 208-212(5) |
||
| 520 | _aQBD 12 June 200. Town and Country Planning. (Control of Advertisements Regulaitons 1992) Deemed consent. Class 14. Failure to maintain advertisement in a clean and tidy condition. Reasonable satisfaction of local authority. (Taken from headnote) | ||
| 650 | _aHERTSMERE BC V REID ESTATES | ||
| 650 | _aTOWN AND COUNTRY PLANNING (CONTROL OF ADVERTISEMENTS) REGULATIONS 1992 | ||
| 650 | _aPLANNING CONSENT | ||
| 690 | _aENVIRONMENTAL AND LAND CONSULTANCY-PLANNING AND DEVELOPMENT | ||
| 942 | _n0 | ||
| 999 |
_c66674 _d66674 |
||